THE PROVINCE OF PROSE (Record no. 568175)
[ view plain ]
| 000 -LEADER | |
|---|---|
| fixed length control field | 00258nam a22001097a 4500 |
| 082 ## - DEWEY DECIMAL CLASSIFICATION NUMBER | |
| Classification number | 808 PRO'K |
| 100 ## - MAIN ENTRY--PERSONAL NAME | |
| Personal name | STREETER, ROBERT E,KEAST, WILLIAM R |
| 9 (RLIN) | 57935 |
| 245 ## - TITLE STATEMENT | |
| Title | THE PROVINCE OF PROSE |
| 260 ## - PUBLICATION, DISTRIBUTION, ETC. | |
| Place of publication, distribution, etc. | NEWYORK |
| Name of publisher, distributor, etc. | HARPER |
| Date of publication, distribution, etc. | 1956 |
| 300 ## - PHYSICAL DESCRIPTION | |
| Extent | 801P |
| 942 ## - ADDED ENTRY ELEMENTS (KOHA) | |
| Koha item type | Book |
| Withdrawn status | Lost status | Damaged status | Not for loan | Permanent Location | Current Location | Shelving location | Date acquired | Total Checkouts | Full call number | Barcode | Date last seen | Price effective from | Koha item type |
|---|---|---|---|---|---|---|---|---|---|---|---|---|---|
| College of Electrical & Mechanical Engineering (CEME) | College of Electrical & Mechanical Engineering (CEME) | General Stacks | 07/14/2017 | 808 PRO'K | CEME-3655 | 06/28/2021 | 06/28/2021 | Book |
